000 00463nam a2200181Ia 4500
001 23142
005 20260414150918.0
008 260414t2012||||xx |||||||||||||| ||spa||
041 _aESP
082 _a624.183412
_bN511
100 _aNaaman, Antoine E.
_eAUT
245 0 _aPretressed concrete analysis and design :
_bfundamentals
260 _c2012
300 _axxxii, 1176 páginas :
_c24 cm.
650 _a0
654 _aCIC
942 _cLIB
_dJUS
_fJUS
_2ddc
_n
999 _c23142
_d23142